000 00499nam a22001817a 4500
003 OSt
005 20250523135137.0
008 250506b |||||||| |||| 00| 0 eng d
040 _cddc
082 _a616.0252 Q4
100 _aIndian Red Cross Society
245 _aIndian First Aid Manual
_bAuthorized Manual -m English Version
250 _a1st
260 _aNew Delhi
_bIndian Red Cross Society
_c2024
650 _vPhysiotherapy
_xIndian First Aid Manual
942 _cBK
_2ddc
999 _c248915
_d248915